• 首页
  • 本馆介绍
  • 公告通知
  • 最新文献
  • 馆藏检索
  • 电子资源
  • 读者导购
  • 参考咨询
  • 我的图书馆
  • 登录
  • 详细信息显示
  • 放入我的书架
  • 预约/预借图书
  • 作者相关作品
  • 分类相关作品
  • 丛书相关作品
  • 出版社相关作品

书目信息

  • 表格格式
  • 工作单格式
  • 卡片格式
题名:
细胞化学
    
 
作者: 江琳才 编著
分册:  
出版信息: 北京   科学出版社  1980
页数: 308页
开本: 19cm
丛书名: 化学知识丛书
单 册:
中图分类: Q26
科图分类:
主题词: 细胞学:生物化学 , 生物化学:细胞学
电子资源:
ISBN:
000 00679nam2 2200265 45
001 0180009098
005 20060815110017.92
010    @dCNY1.05
091    @a13031.1434
100    @a19950420d1980 em y0chiy0121 ea
101 0  @achi
102    @aCN@b110000
105    @ay z 000yy
200 10 @a细胞化学@Axi bao hua xue@f江琳才编著
210    @a北京@c科学出版社@d1980
215    @a308页@d19cm
225 2  @a化学知识丛书@v3
410  0 @120010@a化学知识丛书
606    @a细胞学:生物化学
606    @a生物化学:细胞学
690    @aQ26@v3
701  0 @a江琳才@Ajiang lin cai@4编著
801  0 @aCN@bTSSF@c20060815
801  2 @aCN@bNLC@c20060731
905    @a10447@dQ26@e23
    
    细胞化学/江琳才编著.-北京:科学出版社,1980
    308页;19cm.-(化学知识丛书;3)
    
    
    ISBN :CNY1.05
    
●
相关链接 在E读中查询图书 在五车中查询图书 在当当中查询图书 在豆瓣中查询图书


正题名:细胞化学     索取号:Q26/23         预约/预借

序号 登录号 条形码 馆藏地/架位号 状态 备注
1 0439073   204390738   密集书库/ [索取号:Q26/23] 在馆    
2 0458474   204584743   密集书库/ [索取号:Q26/23] 在馆    
唐山师范学院图书馆 欢迎您!
大连网信软件有限公司© 版权所有